Les Français qui ont gagné un Ballon d'Or. - Statistiques

Statistiques générales
  • Ce quiz a été pris 158 fois
  • Le résultat moyen est 6 sur 7
Statistiques - réponses
Hint Réponse % Correct
2022 (Real Madrid) Karim Benzema
99%
1998 (Juventus Turin) Zinédine Zidane
97%
1985 (Juventus Turin) Michel Platini
93%
1984 (Juventus Turin) Michel Platini
93%
1983 (Juventus Turin) Michel Platini
93%
1991 (Olympique de Marseille) Jean-Pierre Papin
85%
1958 (Real Madrid) Raymond Kopa
65%
Aucun quiz correspondant
Distribution des résultats
% des personnes avec chaque résultat
Percentile par nombre de réponses
Votre historique - résultats
Vous n’avez pas pris ce quiz